Angiotensin Converting Enzyme inhibitors (Record no. 8046)

MARC details
000 -LEADER
fixed length control field 00521nam a22002057a 4500
003 - CONTROL NUMBER IDENTIFIER
control field OSt
005 - DATE AND TIME OF LATEST TRANSACTION
control field 20221110115201.0
008 - FIXED-LENGTH DATA ELEMENTS--GENERAL INFORMATION
fixed length control field 221110b ||||| |||| 00| 0 eng d
020 ## - INTERNATIONAL STANDARD BOOK NUMBER
International Standard Book Number 1881063046
040 ## - CATALOGING SOURCE
Transcribing agency DDC
082 ## - DEWEY DECIMAL CLASSIFICATION NUMBER
Classification number WG 141.5 03a 1994
100 ## - MAIN ENTRY--PERSONAL NAME
Personal name Opie,H.Lionel;
9 (RLIN) 16372
245 ## - TITLE STATEMENT
Title Angiotensin Converting Enzyme inhibitors
250 ## - EDITION STATEMENT
Edition statement 2nd ed.
260 ## - PUBLICATION, DISTRIBUTION, ETC. (IMPRINT)
Place of publication, distribution, etc. New York;
Name of publisher, distributor, etc. Wiley-LiSS
Date of publication, distribution, etc. 1994
300 ## - PHYSICAL DESCRIPTION
Extent 316p;
Other physical details ill,
Dimensions 27cm.
504 ## - BIBLIOGRAPHY, ETC. NOTE
Bibliography, etc includes index.
650 ## - SUBJECT ADDED ENTRY--TOPICAL TERM
Topical term or geographic name as entry element Medicine
9 (RLIN) 324
942 ## - ADDED ENTRY ELEMENTS (KOHA)
Source of classification or shelving scheme Library of Congress Classification
Koha item type Open Shelf
Holdings
Withdrawn status Lost status Source of classification or shelving scheme Damaged status Not for loan Home library Current library Date acquired Source of acquisition Inventory number Total Checkouts Full call number Barcode Date last seen Price effective from Koha item type
    Dewey Decimal Classification     MUST Main Library MUST Main Library 10/11/2022 Purchase 9432   WG 141.5 03a 1994 2022-8043 10/11/2022 10/11/2022 Open Shelf
    Dewey Decimal Classification     MUST Main Library MUST Main Library 10/11/2022 Purchase 9429   WG 141.5 03a 1994 2022-8044 10/11/2022 10/11/2022 Open Shelf
    Other/Generic Classification Scheme     MUST Main Library MUST Main Library 10/11/2022 Purchase 9431   WG 141.5 03a 1994 2022-8045 10/11/2022 10/11/2022 Open Shelf
    Dewey Decimal Classification     MUST Main Library MUST Main Library 10/11/2022 Purchase 9424   WG 141.5 03a 1994 2022-8046 10/11/2022 10/11/2022 Open Shelf
    Dewey Decimal Classification     MUST Main Library MUST Main Library 10/11/2022 Purchase 10457   WG 141.5 03a 1994 2022-8047 10/11/2022 10/11/2022 Open Shelf
    Dewey Decimal Classification     MUST Main Library MUST Main Library 10/11/2022 Purchase 9423   WG 141.5 03a 1994 2022-8048 10/11/2022 10/11/2022 Open Shelf
    Dewey Decimal Classification     MUST Main Library MUST Main Library 10/11/2022 Purchase 9430   WG 141.5 03a 1994 2022-8049 10/11/2022 10/11/2022 Open Shelf
    Dewey Decimal Classification     MUST Main Library MUST Main Library 10/11/2022 Purchase 10459   WG 141.5 03a 1994 2022-8050 10/11/2022 10/11/2022 Open Shelf
    Dewey Decimal Classification     MUST Main Library MUST Main Library 10/11/2022 Purchase 10456   WG 141.5 03a 1994 2022-8051 10/11/2022 10/11/2022 Open Shelf
    Dewey Decimal Classification     MUST Main Library MUST Main Library 10/11/2022 Purchase 9426   WG 141.5 03a 1994 2022-8052 10/11/2022 10/11/2022 Open Shelf
    Dewey Decimal Classification     MUST Main Library MUST Main Library 10/11/2022 Purchase 9428   WG 141.5 03a 1994 2022-8053 10/11/2022 10/11/2022 Open Shelf
    Dewey Decimal Classification     MUST Main Library MUST Main Library 10/11/2022 Purchase 9429   WG 141.5 03a 1994 2022-8054 10/11/2022 10/11/2022 Open Shelf
    Dewey Decimal Classification     MUST Main Library MUST Main Library 10/11/2022 Purchase 9429   WG 141.5 03a 1994 2022-8055 10/11/2022 10/11/2022 Open Shelf